[Event "23rd Int. Tournament "]
[Site "?"]
[Date "2015.08.31"]
[Round "5.15"]
[White "Kondopoulos, Dimitrios"]
[Black "Papadopoulos, Petros"]
[Result "1/2-1/2"]
[WhiteElo "1989"]
[BlackElo "1766"]
[PlyCount "120"]
[EventDate "2015.08.27"]

1. b3 d5 2. Bb2 Nf6 3. g3 c6 4. Bg2 Bg4 5. c4 e6 6. Nf3 Nbd7 7. O-O Be7 8. cxd5
cxd5 9. d4 Bxf3 10. Bxf3 O-O 11. Nc3 Qa5 12. Qd2 Rac8 13. Rfc1 g6 14. Rc2 Rc6
15. Nxd5 Nxd5 16. Qxa5 Rxc2 17. Ba3 Bxa3 18. Qxa3 a6 19. Rc1 Rfc8 20. Rxc2 Rxc2
21. Qd6 N7f6 22. a4 Kg7 23. Qb8 b6 24. e4 Nc3 25. Qe5 h6 26. h4 h5 27. d5 exd5
28. exd5 Ncxd5 29. Bxd5 Rc5 30. Qd4 Rxd5 31. Qxb6 a5 32. Kf1 Nd7 33. Qc6 Nf6
34. Qc3 Rf5 35. Kg2 Kh7 36. Qc7 Nd5 37. Qc4 Nb4 38. f3 Nd5 39. Qd4 Nb4 40. g4
hxg4 41. fxg4 Rd5 42. Qf6 Kg8 43. Kf3 Rd3+ 44. Ke4 Re3+ 45. Kd4 Rd3+ 46. Kc4
Rd5 47. Qf3 Re5 48. h5 gxh5 49. gxh5 Rg5 50. Qf4 Rc5+ 51. Kd4 Rd5+ 52. Ke4 Kg7
53. Kf3 Rxh5 54. Qg4+ Kh6 55. Qg8 Rg5 56. Qxf7 Rg6 57. Qf4+ Rg5 58. Qd6+ Kh5
59. Qc7 Rf5+ 60. Ke4 Rg5 1/2-1/2

[Event "23rd Int. Tournament "]
[Site "?"]
[Date "2015.08.31"]
[Round "5.17"]
[White "Zygouris, Hristos"]
[Black "Santorinaios, Hristodoulos"]
[Result "1-0"]
[WhiteElo "2210"]
[BlackElo "1919"]
[PlyCount "99"]
[EventDate "2015.08.27"]

1. b3 d6 2. Bb2 Nd7 3. f4 Ngf6 4. Nf3 g6 5. e4 Bg7 6. Qe2 O-O 7. d4 d5 8. e5
Ne4 9. Nbd2 Nxd2 10. Qxd2 Nb6 11. Bd3 Bg4 12. O-O e6 13. h3 Bxf3 14. Rxf3 Qd7
15. g4 f5 16. exf6 Rxf6 17. Raf1 Raf8 18. Ba3 Re8 19. f5 exf5 20. gxf5 gxf5 21.
Bxf5 Qf7 22. Qd3 Qh5 23. Bxh7+ Kh8 24. Bf5 Bh6 25. Bg4 Rxf3 26. Qxf3 Qg5 27.
Bc1 Qg7 28. Bxh6 Qxh6 29. Qf6+ Qxf6 30. Rxf6 Kg7 31. Re6 Rxe6 32. Bxe6 Kf6 33.
Bg4 Kg5 34. Kf2 Kf4 35. Ke2 Ke4 36. c3 a5 37. h4 Kf4 38. Be6 c6 39. Kd2 a4 40.
Kd3 axb3 41. axb3 Na8 42. Bc8 b5 43. Bb7 Nc7 44. Bxc6 Kg4 45. Ke3 Kf5 46. Bd7+
Kf6 47. Kf4 b4 48. cxb4 Na8 49. h5 Nb6 50. Bf5 1-0

[Event "23rd Int. Tournament "]
[Site "?"]
[Date "2015.08.31"]
[Round "5.18"]
[White "Kordis, Konstantinos"]
[Black "Alexakis, Georgios"]
[Result "1/2-1/2"]
[WhiteElo "2205"]
[BlackElo "1907"]
[PlyCount "92"]
[EventDate "2015.08.27"]

1. e4 c5 2. Nf3 d6 3. d4 cxd4 4. Nxd4 Nf6 5. Nc3 g6 6. f4 Nc6 7. Nf3 Bg7 8. e5
dxe5 9. Qxd8+ Kxd8 10. fxe5 Ng4 11. Bf4 Ngxe5 12. O-O-O+ Bd7 13. Ng5 h6 14.
Nge4 Kc8 15. Nd5 Be6 16. Bb5 Bxd5 17. Rxd5 Rd8 18. Rc5 Rd4 19. Re1 a6 20. Bxe5
Bxe5 21. c3 Bf4+ 22. Kc2 Rd8 23. Bxc6 bxc6 24. Rxc6+ Kd7 25. Rc4 Bd6 26. Rd4
Kc7 27. Nxd6 exd6 28. Rf4 Rd7 29. Rf6 Rb8 30. Ref1 Re8 31. Rxf7 Re2+ 32. Kd3
Rxg2 33. R7f2 Rg5 34. b4 Re7 35. Rf7 Kd7 36. Rxe7+ Kxe7 37. Rf2 Kd7 38. a4 Rh5
39. Rg2 g5 40. Kd4 Kc6 41. b5+ axb5 42. axb5+ Kxb5 43. Kd5 g4+ 44. Kxd6 Rg5 45.
Ke6 Kc4 46. Rg3 Kc5 1/2-1/2

[Event "23rd Int. Tournament "]
[Site "?"]
[Date "2015.08.31"]
[Round "5.19"]
[White "Kostouros, Alexandros"]
[Black "Christidis, Savvas"]
[Result "1-0"]
[WhiteElo "2082"]
[BlackElo "1830"]
[PlyCount "71"]
[EventDate "2015.08.27"]

1. e4 c6 2. c4 d5 3. cxd5 cxd5 4. exd5 Nf6 5. Bb5+ Nbd7 6. Nc3 a6 7. Qa4 Rb8 8.
Bxd7+ Qxd7 9. Qxd7+ Bxd7 10. d4 b5 11. a3 Rd8 12. Bg5 Bf5 13. Bxf6 exf6 14.
Nge2 Bd6 15. Ng3 Bg6 16. Nge4 O-O 17. Nxd6 Rxd6 18. Kd2 Rc8 19. Rhe1 h6 20.
Rac1 Rc4 21. Ne2 Be4 22. Rxc4 bxc4 23. Nf4 Bf5 24. Re8+ Kh7 25. f3 g5 26. Nh5
Bg6 27. g4 Bd3 28. Rf8 Bg6 29. Kc3 Bxh5 30. gxh5 Kg7 31. Re8 Rxd5 32. Kxc4 Rd7
33. d5 f5 34. h3 f4 35. Kc5 f5 36. Kc6 1-0

[Event "23rd Int. Tournament "]
[Site "?"]
[Date "2015.08.31"]
[Round "5.1"]
[White "Stamatis, Ioannis"]
[Black "Bouza, Mirto - Eleni"]
[Result "1-0"]
[WhiteElo "1497"]
[BlackElo "1291"]
[PlyCount "95"]
[EventDate "2015.08.27"]

1. e4 c5 2. Nf3 e6 3. c3 d5 4. exd5 Qxd5 5. d4 Nf6 6. Be2 Nc6 7. Na3 Be7 8. Nc2
O-O 9. O-O b6 10. Ne3 Qd8 11. Ne5 Bb7 12. Bf3 Qc7 13. N3c4 Rfd8 14. Bf4 Qc8 15.
Qa4 Nxe5 16. Nxe5 Bd6 17. Bg5 Be7 18. Nc6 Bxc6 19. Bxc6 Rb8 20. Bf4 Bd6 21.
Bxd6 Rxd6 22. Bf3 Qd7 23. Qxd7 Nxd7 24. Rfd1 Rd8 25. dxc5 Nxc5 26. Rxd6 Rxd6
27. Rd1 Rxd1+ 28. Bxd1 Kf8 29. Kf1 Ke7 30. Ke2 Kd6 31. Ke3 e5 32. Bc2 g6 33. g4
Ke6 34. b4 Nd7 35. Bb3+ Ke7 36. g5 Nf8 37. Ke4 Ne6 38. Bxe6 Kxe6 39. c4 Kd6 40.
a3 a5 41. h3 a4 42. h4 Ke6 43. c5 b5 44. f3 Kd7 45. Kxe5 Ke7 46. c6 Kd8 47. Kd6
Kc8 48. c7 1-0

[Event "23rd Int. Tournament "]
[Site "?"]
[Date "2015.08.31"]
[Round "5.2"]
[White "Barous, Theodoros"]
[Black "Agriopoulos, Konstantinos"]
[Result "1/2-1/2"]
[WhiteElo "1435"]
[BlackElo "1693"]
[PlyCount "126"]
[EventDate "2015.08.27"]

1. e4 e5 2. Nf3 Nc6 3. d4 exd4 4. Nxd4 Nf6 5. Nc3 Bb4 6. Nxc6 bxc6 7. Bd3 d5 8.
O-O O-O 9. exd5 cxd5 10. h3 Bb7 11. Qf3 h6 12. Bf4 Qd7 13. Be5 Bxc3 14. bxc3
Ne4 15. Bxe4 dxe4 16. Qg3 f6 17. Bxc7 Rac8 18. Ba5 Qa4 19. Bb4 Rf7 20. Qe3 a5
21. Bc5 Qxc2 22. Bd4 Qa4 23. Qf4 Qc6 24. f3 f5 25. fxe4 Qg6 26. g4 Bxe4 27.
Rae1 Rcf8 28. Qg3 f4 29. Qh2 Bd3 30. Rf3 Be4 31. Rf2 f3 32. Qe5 Bd3 33. Qxa5
Rf5 34. Qc7 h5 35. Qxg7+ Qxg7 36. Bxg7 hxg4 37. Bxf8 g3 38. Bd6 gxf2+ 39. Kxf2
Be2 40. Rg1+ Kf7 41. Rg4 Rd5 42. Bb4 Rd1 43. a4 Rf1+ 44. Ke3 Rh1 45. h4 Ke6 46.
a5 Kf5 47. Rf4+ Kg6 48. Bc5 Ra1 49. Bb4 Rc1 50. Rd4 Kh5 51. Rd2 Kxh4 52. Rxe2
fxe2 53. Kxe2 Kg5 54. Kd3 Kf5 55. Kd4 Ke6 56. Kc5 Kd7 57. a6 Kc8 58. Kb5 Kb8
59. c4 Rxc4 60. Kxc4 Ka7 61. Kb5 Ka8 62. Bc5 Kb8 63. Bb6 Ka8 1/2-1/2

[Event "23rd Int. Tournament "]
[Site "?"]
[Date "2015.08.31"]
[Round "5.3"]
[White "Koutis, Pavlos"]
[Black "Tagklis, Ioannis"]
[Result "1-0"]
[WhiteElo "1244"]
[BlackElo "1484"]
[PlyCount "91"]
[EventDate "2015.08.27"]

1. e4 c5 2. Nf3 d6 3. d4 cxd4 4. Nxd4 Nf6 5. Nc3 g6 6. Be3 Bg7 7. f4 Nbd7 8.
Qd2 Nc5 9. Bd3 Ng4 10. O-O-O Nxd3+ 11. Qxd3 Nxe3 12. Qxe3 Bg4 13. Rd3 Qa5 14.
h3 Bd7 15. g4 a6 16. Nb3 Qd8 17. e5 e6 18. Rxd6 Bf8 19. Rd3 Qc7 20. Rhd1 Bc6
21. Ne4 Bxe4 22. Qxe4 Rc8 23. Rc3 Qb8 24. Rxc8+ Qxc8 25. Na5 b6 26. Nc6 Be7 27.
Nxe7 Kxe7 28. Qb4+ Qc5 29. Qxc5+ bxc5 30. Rd6 a5 31. Rc6 Rd8 32. Rxc5 Rd4 33.
Rxa5 Rxf4 34. Rc5 Rf3 35. a4 Rxh3 36. a5 Rh4 37. a6 Rxg4 38. Ra5 Rd4 39. a7 Rd8
40. a8=Q Rxa8 41. Rxa8 h5 42. Kd2 h4 43. Rh8 g5 44. Rg8 f6 45. Rg7+ Kf8 46.
exf6 1-0

[Event "23rd Int. Tournament "]
[Site "?"]
[Date "2015.08.31"]
[Round "5.4"]
[White "Filoxeni, Danai"]
[Black "Bakis, Apollon Fivos"]
[Result "1-0"]
[WhiteElo "1472"]
[BlackElo "1253"]
[PlyCount "51"]
[EventDate "2015.08.27"]

1. Nf3 e6 2. c4 Nf6 3. g3 b6 4. Bg2 Bb7 5. O-O Be7 6. Nc3 O-O 7. Re1 d5 8. cxd5
exd5 9. d4 Bb4 10. Bg5 Bxc3 11. bxc3 Qd6 12. Rc1 c6 13. c4 dxc4 14. Rxc4 Qd5
15. Ne5 Qe6 16. Qc2 Nd5 17. e4 f6 18. exd5 cxd5 19. Nf3 Qd6 20. Bf4 Qd8 21. Rc7
Bc6 22. Ree7 Bd7 23. Bd6 Re8 24. Ne5 fxe5 25. Bxd5+ Kh8 26. Rxe8+ 1-0

[Event "23rd Int. Tournament "]
[Site "?"]
[Date "2015.08.31"]
[Round "5.5"]
[White "Bastianou, Chrysoula"]
[Black "Vesdekis, Hristos"]
[Result "1-0"]
[WhiteElo "1430"]
[BlackElo "1261"]
[PlyCount "149"]
[EventDate "2015.08.27"]

1. d4 d5 2. c4 Nf6 3. cxd5 Nxd5 4. e4 Nf6 5. Nc3 e6 6. Bc4 Be7 7. Nge2 O-O 8.
O-O c6 9. Bf4 b5 10. Bd3 Nbd7 11. Rc1 Bb7 12. f3 Nb6 13. Nb1 Qd7 14. Nd2 Rfc8
15. Nb3 Na4 16. Qd2 c5 17. Nxc5 Nxc5 18. dxc5 Bxc5+ 19. Kh1 Be7 20. e5 Nd5 21.
Be4 b4 22. b3 a5 23. Bxd5 Qxd5 24. Qxd5 Bxd5 25. Be3 h6 26. Nf4 Bg5 27. Nxd5
exd5 28. Bxg5 hxg5 29. Kg1 Rc3 30. Rxc3 bxc3 31. Kf2 d4 32. Rd1 c2 33. Rc1 d3
34. Ke3 Rd8 35. Kd2 Kf8 36. g3 Ke7 37. h3 Ke6 38. Re1 Rd5 39. Re3 f6 40. exf6+
Kxf6 41. a3 Rd6 42. b4 axb4 43. axb4 Re6 44. Rxd3 Rc6 45. Kc1 Rb6 46. Rb3 Ke5
47. Kxc2 Kd4 48. b5 Kc4 49. Rb1 g6 50. Rb3 Kd4 51. h4 gxh4 52. gxh4 Ke5 53. Rb4
Kf5 54. Kd3 Ke5 55. Ke3 Kf5 56. Kd4 Ke6 57. Kc5 Rb8 58. b6 Kd7 59. b7 Kc7 60.
Kd5 Kd7 61. Rb6 Kc7 62. Kc5 Kd7 63. Rxg6 Rxb7 64. Rg7+ Kc8 65. Rxb7 Kxb7 66. h5
Kc7 67. h6 Kd7 68. h7 Ke6 69. h8=Q Kf5 70. Kd5 Kf4 71. Qe5+ Kxf3 72. Kd4 Kg4
73. Ke4 Kh4 74. Kf3 Kh3 75. Qg3# 1-0

[Event "23rd Int. Tournament "]
[Site "?"]
[Date "2015.09.01"]
[Round "6.1"]
[White "Tsiros, Fragkiskos Vlasios"]
[Black "Gazis, Efstathios"]
[Result "1/2-1/2"]
[WhiteElo "2216"]
[BlackElo "2146"]
[PlyCount "155"]
[EventDate "2015.08.27"]
[TimeControl "120+13"]
[WhiteClock "0:00:22"]
[BlackClock "0:00:22"]

1. Nf3 Nf6 2. c4 c5 3. g3 b6 4. Bg2 Bb7 5. O-O g6 6. d4 cxd4 7. Qxd4 Bg7 8. Nc3
d6 9. Rd1 Nbd7 10. Be3 Rc8 11. Rac1 O-O 12. Qh4 a6 13. b3 Rc7 14. Bh3 Qa8 15.
Bxd7 Rxd7 16. Na4 Rdd8 17. Nxb6 Qb8 18. c5 dxc5 19. Bxc5 Rxd1+ 20. Rxd1 Qc7 21.
Rc1 Re8 22. Be3 Qb8 23. Qc4 Ne4 24. Qc7 Nd6 25. a4 Nf5 26. Bf4 Qxc7 27. Rxc7
Bxf3 28. exf3 Nd4 29. Ra7 Nxb3 30. Rxa6 Nc5 31. Ra5 Nb3 32. Ra7 Bd4 33. Bc7 e5
34. a5 Re6 35. Ra8+ Kg7 36. Nc4 Rc6 37. Bxe5+ Bxe5 38. Nxe5 Rc5 39. f4 Rxa5 40.
Rb8 Nc5 41. Rc8 Ne6 42. Rb8 Ra7 43. Rb4 Rc7 44. Kg2 Ra7 45. g4 Re7 46. Nf3 Rd7
47. Re4 Nc5 48. Rc4 Ne6 49. Kg3 Rd3 50. Kg2 Rd5 51. Re4 Ra5 52. Kg3 Ra3 53. Re3
Ra4 54. Ng5 Nxg5 55. fxg5 h6 56. gxh6+ Kxh6 57. Rf3 Kg7 58. g5 Ra5 59. h4 Ra4
60. Rb3 Rc4 61. Re3 Ra4 62. f3 Rb4 63. Re2 Ra4 64. f4 Ra3+ 65. Kg2 Rb3 66. Rf2
Rb4 67. Kg3 Ra4 68. Rb2 Ra3+ 69. Kg4 f5+ 70. gxf6+ Kxf6 71. Rb6+ Kg7 72. h5
gxh5+ 73. Kxh5 Rg3 74. f5 Rh3+ 75. Kg5 Rg3+ 76. Kf4 Rg1 77. Re6 Kf7 78. Re2
1/2-1/2

[Event "23rd Int. Tournament "]
[Site "?"]
[Date "2015.09.01"]
[Round "6.2"]
[White "Nikolaou, Georgios"]
[Black "Karagiannis, Athanasios"]
[Result "1/2-1/2"]
[WhiteElo "2317"]
[BlackElo "2232"]
[PlyCount "81"]
[EventDate "2015.08.27"]
[TimeControl "120+22"]
[WhiteClock "0:00:17"]
[BlackClock "0:00:30"]

1. d4 Nf6 2. c4 e6 3. g3 d5 4. Nf3 Be7 5. Bg2 O-O 6. O-O c5 7. cxd5 exd5 8. Nc3
Nc6 9. dxc5 Bxc5 10. Na4 Be7 11. Be3 Re8 12. Rc1 h6 13. a3 Ng4 14. Bf4 Bf8 15.
Qd3 Qa5 16. Nc3 d4 17. Nb5 Nge5 18. Nxe5 Nxe5 19. Bxe5 Rxe5 20. Nxd4 Qb6 21.
Rc2 Bg4 22. e3 Rd8 23. Qb3 Qxb3 24. Nxb3 Bd1 25. Rd2 Rxd2 26. Nxd2 Be2 27. Re1
Bd3 28. Bf1 Bxf1 29. Kxf1 Rc5 30. Ke2 g5 31. Rb1 g4 32. Ne4 Rc6 33. Kd2 Bg7 34.
b4 f5 35. Nc5 b6 36. Na4 Rd6+ 37. Kc2 Rc6+ 38. Kb3 Rd6 39. Kc2 Rc6+ 40. Kb3 Rd6
41. Kc2 1/2-1/2

[Event "23rd Int. Tournament "]
[Site "?"]
[Date "2015.09.01"]
[Round "6.3"]
[White "Drakoulakos, Grigorios"]
[Black "Delithanasis, Dimitrios"]
[Result "1/2-1/2"]
[WhiteElo "2233"]
[BlackElo "2105"]
[PlyCount "82"]
[EventDate "2015.08.27"]
[TimeControl "120+25"]
[WhiteClock "0:00:15"]
[BlackClock "0:00:22"]

1. e4 e5 2. Nf3 Nc6 3. Bb5 a6 4. Ba4 Nf6 5. O-O Be7 6. Re1 b5 7. Bb3 d6 8. c3
O-O 9. h3 Nb8 10. d4 Nbd7 11. Bc2 Re8 12. Nbd2 Bf8 13. b3 c6 14. a4 Rb8 15. Bb2
Qc7 16. Bd3 g6 17. axb5 axb5 18. c4 b4 19. c5 dxc5 20. dxe5 Nh5 21. Nc4 Nf4 22.
Bf1 Ne6 23. Qc2 Bb7 24. Red1 Red8 25. g3 Ra8 26. h4 Be7 27. Bh3 Ndf8 28. Rxa8
Rxa8 29. Bc1 Bc8 30. Kh2 Ra1 31. Be3 Qa7 32. Nd6 Bd7 33. Rxa1 Qxa1 34. Bxc5
Nxc5 35. Qxc5 Bxh3 36. Kxh3 Qh1+ 37. Nh2 Bxd6 38. Qxd6 Qxe4 39. f3 Qf5+ 40. g4
Qe6 41. Qxb4 Qxe5 1/2-1/2

[Event "23rd Int. Tournament "]
[Site "?"]
[Date "2015.09.01"]
[Round "6.4"]
[White "Alexakis, Dimitrios"]
[Black "Nikolaou, Spiridon"]
[Result "1/2-1/2"]
[WhiteElo "2197"]
[BlackElo "2096"]
[PlyCount "54"]
[EventDate "2015.08.27"]
[TimeControl "120+24"]
[WhiteClock "0:00:05"]
[BlackClock "0:00:39"]

1. e4 c5 2. Nf3 e6 3. d4 cxd4 4. Nxd4 Nc6 5. Nc3 Qc7 6. Be3 a6 7. Qf3 Ne5 8.
Qg3 h5 9. h4 b5 10. a3 Nf6 11. Bf4 d6 12. O-O-O Bb7 13. Bxe5 dxe5 14. Bxb5+
axb5 15. Ncxb5 Qb8 16. Nxe6 fxe6 17. Qg6+ Ke7 18. Nd6 Qxd6 19. Rxd6 Kxd6 20.
Qf7 Bxe4 21. Rd1+ Bd5 22. Qb7 Re8 23. c4 Be7 24. Qb6+ Kd7 25. Qb7+ Kd6 26. Qb6+
Kd7 27. Qb7+ Kd6 1/2-1/2

[Event "23rd Int. Tournament "]
[Site "?"]
[Date "2015.09.01"]
[Round "6.5"]
[White "Grigoriadis, Alexandros"]
[Black "Roinos, Ilias"]
[Result "1/2-1/2"]
[WhiteElo "2153"]
[BlackElo "2055"]
[PlyCount "82"]
[EventDate "2015.08.27"]
[TimeControl "120+21"]
[WhiteClock "0:00:17"]
[BlackClock "0:00:16"]

1. c4 e5 2. Nc3 g6 3. g3 Bg7 4. Bg2 d6 5. e3 Ne7 6. Nge2 O-O 7. O-O f5 8. d3
Nbc6 9. Rb1 a5 10. a3 Be6 11. Nd5 Qd7 12. b4 axb4 13. axb4 g5 14. b5 Nd8 15. f4
gxf4 16. exf4 Ng6 17. Bb2 Nf7 18. Qb3 h5 19. Ra1 h4 20. Rxa8 Rxa8 21. Ra1 Rxa1+
22. Bxa1 Kh7 23. Qa4 Qc8 24. Qa7 Nd8 25. Kf2 Bf7 26. Ke1 Ne6 27. Kd2 Nc5 28.
Bc3 Qd8 29. Bb4 exf4 30. gxf4 Bxd5 31. Bxd5 b6 32. Bxc5 dxc5 33. Qa8 Qxa8 34.
Bxa8 Bd4 35. Bc6 Kg7 36. Be8 Nf8 37. h3 Kf6 38. Bc6 Ne6 39. Bd5 Ng7 40. Bf3 Bf2
41. Nc3 Ne6 1/2-1/2

[Event "23rd Int. Tournament "]
[Site "?"]
[Date "2015.09.01"]
[Round "6.6"]
[White "Poulopoulos, Ioannis"]
[Black "Trimitzios, Petros"]
[Result "1/2-1/2"]
[WhiteElo "2133"]
[BlackElo "2006"]
[PlyCount "68"]
[EventDate "2015.08.27"]
[TimeControl "120+15"]
[WhiteClock "0:00:08"]
[BlackClock "0:00:11"]

1. d4 c5 2. e3 d5 3. Nf3 Nf6 4. b3 Nc6 5. Bd3 g6 6. Bb2 cxd4 7. exd4 Bg7 8.
Nbd2 O-O 9. a3 Bf5 10. Qe2 Bxd3 11. Qxd3 e6 12. O-O Qe7 13. Rfe1 Rfd8 14. c4
dxc4 15. bxc4 Rac8 16. Rad1 Qd7 17. Nb3 b6 18. Qe2 Qc7 19. Rc1 Qb7 20. Red1 Qa6
21. Qe1 Qa4 22. Rd3 Re8 23. Qd1 Ne7 24. Nbd2 Qxd1+ 25. Rxd1 Red8 26. g3 Nd7 27.
Rb3 Nc6 28. Bc3 Ne7 29. a4 Nf5 30. a5 Nd6 31. axb6 axb6 32. Rb4 Rc6 33. Bb2
Rdc8 34. Rc1 h6 1/2-1/2

[Event "23rd Int. Tournament "]
[Site "?"]
[Date "2015.09.01"]
[Round "6.7"]
[White "Korniotis, Filippos"]
[Black "Kouskoutis, Georgios-Alexandro"]
[Result "0-1"]
[WhiteElo "2006"]
[BlackElo "2128"]
[PlyCount "73"]
[EventDate "2015.08.27"]
[TimeControl "120+16"]
[WhiteClock "0:00:24"]
[BlackClock "0:00:04"]

1. d4 Nf6 2. c4 e6 3. Nf3 c5 4. d5 d6 5. Nc3 exd5 6. cxd5 g6 7. e4 a6 8. a4 Bg7
9. Be2 O-O 10. Nd2 Re8 11. O-O Nbd7 12. Qc2 Qe7 13. f4 h5 14. h3 Rb8 15. a5 b5
16. axb6 Nxb6 17. Bf3 Qc7 18. Kh1 Nfd7 19. e5 dxe5 20. f5 Nf8 21. fxg6 fxg6 22.
Be4 Qd6 23. Na4 Nxa4 24. Nc4 Qd8 25. Rxa4 Bb7 26. Ne3 Qd6 27. Ra3 Re7 28. Rc3
Rc8 29. Nc4 Qc7 30. d6 Bxe4 31. Qe2 Qc6 32. dxe7 Ne6 33. Nd6 Qxd6 34. Qxe4 Nd4
35. Rg3 Nf5 36. Rxf5 Re8 37. Bg5 0-1

[Event "23rd Int. Tournament "]
[Site "?"]
[Date "2015.09.01"]
[Round "6.8"]
[White "Koutsogiannis, Efthymios"]
[Black "Pandelidis, Ioannis"]
[Result "1-0"]
[WhiteElo "1960"]
[BlackElo "2114"]
[PlyCount "181"]
[EventDate "2015.08.27"]
[TimeControl "120+20"]
[WhiteClock "0:00:02"]
[BlackClock "0:00:02"]

1. e4 c5 2. c3 d5 3. exd5 Qxd5 4. d4 Nf6 5. Nf3 e6 6. Be3 cxd4 7. Bxd4 Nc6 8.
Nbd2 Nxd4 9. Nxd4 Bd7 10. Qf3 Qxf3 11. N2xf3 Bd6 12. Bb5 Rd8 13. O-O Bxb5 14.
Nxb5 Bb8 15. Rad1 Ke7 16. Rfe1 Nd7 17. Nbd4 g6 18. b3 Kf6 19. Ne2 Nc5 20. Ng3
Ke7 21. Kf1 h6 22. Rxd8 Rxd8 23. Ne4 Nd7 24. c4 Rc8 25. h3 a6 26. g4 Nc5 27.
Nxc5 Rxc5 28. Rd1 Rc6 29. Ke2 Bf4 30. Rd3 f5 31. Nh4 Kf6 32. Ng2 Bd6 33. f3 Ke7
34. Nh4 g5 35. Ng2 f4 36. Ne1 Rc8 37. Rd1 h5 38. Kf1 hxg4 39. hxg4 Rh8 40. Kg2
e5 41. Nd3 Ke6 42. Nf2 Be7 43. Ne4 b6 44. Rh1 Rxh1 45. Kxh1 b5 46. Kg2 b4 47.
Kf1 a5 48. Ke2 Bd8 49. Kd3 Be7 50. Nf2 Bc5 51. Ne4 Be7 52. Nf2 Bc5 53. Nh3 Be7
54. Ke4 Bd8 55. Nf2 Bb6 56. Nd3 Bc7 57. c5 Bb8 58. Nb2 Ba7 59. Nc4 Bxc5 60.
Nxe5 Bd6 61. Nc6 Bc7 62. Nd4+ Kf6 63. Kd5 Bb6 64. Ne6 Bf2 65. Nd8 Bb6 66. Nc6
Bc7 67. Nd4 Bb6 68. Nc2 Bd8 69. a3 bxa3 70. Nxa3 Be7 71. Nc4 Bb4 72. Nd6 Ba3
73. Ne4+ Kg6 74. Kc4 Be7 75. Kb5 Bd8 76. Nd6 Kf6 77. Nc4 Ke6 78. Nxa5 Kd5 79.
Nc6 Bc7 80. b4 Bd6 81. Kb6 Kc4 82. b5 Kd3 83. Nd8 Ke3 84. Nf7 Kxf3 85. Nxd6
Kxg4 86. Kc5 f3 87. Ne4 f2 88. Nxf2+ Kf3 89. Nd3 Ke3 90. Ne5 Ke4 91. Kd6 1-0

[Event "23rd Int. Tournament "]
[Site "?"]
[Date "2015.09.01"]
[Round "6.9"]
[White "Zygouris, Hristos"]
[Black "Loutragotis, Dimitrios"]
[Result "1-0"]
[WhiteElo "2210"]
[BlackElo "1809"]
[PlyCount "71"]
[EventDate "2015.08.27"]
[TimeControl "120+224"]
[WhiteClock "0:00:05"]
[BlackClock "0:00:04"]

1. b3 b6 2. e4 Bb7 3. Nc3 e5 4. Bb2 Nf6 5. Qe2 Nc6 6. f4 Nd4 7. Qd3 Bc5 8.
O-O-O a5 9. Nd5 Ng4 10. Qg3 h5 11. fxe5 Bxd5 12. exd5 a4 13. Nf3 Nxf3 14. gxf3
axb3 15. axb3 Ra2 16. fxg4 Qa8 17. d4 Bb4 18. Bc3 Qa3+ 19. Kd2 Qxb3 20. Qd3 Be7
21. h4 hxg4 22. Bg2 Rxh4 23. Be4 Bg5+ 24. Ke2 Rxh1 25. Rxh1 Bh6 26. Bd2 Qb2 27.
Bxh6 gxh6 28. Rxh6 Ra4 29. d6 cxd6 30. exd6 Kf8 31. Rh8+ Kg7 32. Rh7+ Kf8 33.
Qe3 Qxd4 34. Qh6+ Kg8 35. Qg5+ Kf8 36. Qd8# 1-0

[Event "23rd Int. Tournament "]
[Site "?"]
[Date "2015.09.01"]
[Round "6.10"]
[White "Kapnisis, Spyridon"]
[Black "Kondopoulos, Dimitrios"]
[Result "1-0"]
[WhiteElo "2455"]
[BlackElo "1989"]
[PlyCount "61"]
[EventDate "2015.08.27"]
[TimeControl "120+22"]
[WhiteClock "0:00:05"]
[BlackClock "0:00:02"]

1. d4 d5 2. c4 c6 3. Nc3 e6 4. e4 dxe4 5. Nxe4 Nf6 6. Nc3 Bd6 7. Nf3 O-O 8. Bd3
Nbd7 9. c5 Bb8 10. O-O e5 11. Be3 Re8 12. Bc4 h6 13. Qc2 Kf8 14. Rad1 e4 15.
Ne5 Qc7 16. Bf4 Nxe5 17. dxe5 Be6 18. Bxe6 Rxe6 19. Rd6 Nh5 20. Rxe6 fxe6 21.
Qxe4 Kg8 22. Rd1 a5 23. Bxh6 gxh6 24. Qg6+ Ng7 25. Ne4 Ba7 26. Nf6+ Kf8 27. Rd7
Qxd7 28. Nxd7+ Kg8 29. Nf6+ Kf8 30. Qxh6 Rd8 31. Qh8+ 1-0

[Event "23rd Int. Tournament "]
[Site "?"]
[Date "2015.09.01"]
[Round "6.11"]
[White "Spyropoulos, Nikolaos"]
[Black "Kotrotsos, Vasilios"]
[Result "1/2-1/2"]
[WhiteElo "1993"]
[BlackElo "2273"]
[PlyCount "145"]
[EventDate "2015.08.27"]
[TimeControl "120+9"]
[WhiteClock "0:00:32"]
[BlackClock "0:00:12"]

1. e4 c5 2. Nf3 d6 3. d4 cxd4 4. Nxd4 Nf6 5. Nc3 a6 6. Be3 e5 7. Nf3 Qc7 8. Be2
h6 9. O-O Be6 10. h3 Nbd7 11. a4 Rc8 12. Nd2 d5 13. exd5 Nxd5 14. Nxd5 Bxd5 15.
c4 Bc6 16. Bf3 Be7 17. Rc1 O-O 18. Bxc6 bxc6 19. Qc2 Rb8 20. b3 f5 21. f3 Nc5
22. Rfd1 a5 23. Kh1 Rb4 24. Rb1 Qb8 25. Re1 Qd6 26. Nf1 Qd3 27. Qxd3 Nxd3 28.
Red1 Rd8 29. Kh2 Rbb8 30. Bg1 Kf7 31. Ne3 Ke6 32. Nc2 Nb4 33. Rxd8 Rxd8 34.
Nxb4 Bxb4 35. Bf2 Rd3 36. Kg1 e4 37. fxe4 fxe4 38. Kf1 Ke5 39. Ke2 Rd2+ 40. Ke3
Rd3+ 41. Ke2 Rc3 42. Rb2 Rd3 43. Rb1 g5 44. Be3 Rc3 45. Rb2 Ba3 46. Rb1 Rc2+
47. Kf1 Kf5 48. Bd4 Kf4 49. Re1 Bc1 50. Re2 Rxe2 51. Kxe2 Kg3 52. Kf1 Bd2 53.
Be5+ Bf4 54. Bc3 Bc7 55. b4 axb4 56. Bxb4 e3 57. a5 e2+ 58. Kg1 c5 59. Bd2 h5
60. a6 Bb8 61. Be1+ Kf4 62. Kf2 Ke4 63. Kxe2 Kd4 64. Ba5 Ba7 65. g4 hxg4 66.
hxg4 Kxc4 67. Bd8 Kb5 68. Bxg5 Kxa6 69. Be3 Kb5 70. g5 Bb8 71. g6 Be5 72. Kd3
Bg7 73. Ke4 1/2-1/2

[Event "23rd Int. Tournament "]
[Site "?"]
[Date "2015.09.01"]
[Round "6.12"]
[White "Sakaridis, Emmanouil"]
[Black "Pountzas, Hrisanthos"]
[Result "0-1"]
[WhiteElo "1939"]
[BlackElo "2128"]
[PlyCount "112"]
[EventDate "2015.08.27"]
[TimeControl "120+17"]
[WhiteClock "0:00:02"]
[BlackClock "0:00:11"]

1. d4 Nf6 2. c4 c5 3. d5 e5 4. Nc3 d6 5. e4 Be7 6. g3 O-O 7. Bg2 a6 8. Nge2
Nbd7 9. O-O Rb8 10. a4 Ne8 11. Qd3 Nc7 12. f4 Bf6 13. Be3 b6 14. Kh1 Qe7 15. f5
Bg5 16. Bf2 h5 17. Ng1 Nf6 18. Nf3 Bh6 19. Rfd1 Bd7 20. h3 Qe8 21. Bf1 b5 22.
Qc2 bxa4 23. Bd3 Rb4 24. Rg1 Qe7 25. g4 hxg4 26. hxg4 Nh7 27. Bh4 f6 28. Raf1
Rfb8 29. Nd1 a3 30. bxa3 Rb3 31. Qe2 Be8 32. Rg2 Rxa3 33. Rfg1 Rbb3 34. Nf2 Ng5
35. Bxg5 Bxg5 36. Nxg5 fxg5 37. Rg3 Bf7 38. Qd2 Kf8 39. Nh3 Ke8 40. Kh2 Qf6 41.
Bc2 Rxg3 42. Rxg3 Ra2 43. Qc1 Qd8 44. Qb1 Ra5 45. Rb3 Ke7 46. Rb7 Be8 47. Nxg5
Bd7 48. Nh3 Ra3 49. Qc1 Ra2 50. Qg5+ Ke8 51. Qg6+ Kf8 52. Qxd6+ Kg8 53. g5
Rxc2+ 54. Kg3 Rc3+ 55. Kg4 Bxf5+ 56. Kxf5 Qxd6 0-1

[Event "23rd Int. Tournament "]
[Site "?"]
[Date "2015.09.01"]
[Round "6.14"]
[White "Sidiropoulos, Nikolaos"]
[Black "Drivas, Stefanos"]
[Result "1-0"]
[WhiteElo "2005"]
[BlackElo "1967"]
[PlyCount "91"]
[EventDate "2015.08.27"]

1. e4 e5 2. Nf3 Nf6 3. Bc4 Nxe4 4. Nc3 Nf6 5. Nxe5 d5 6. Bb3 c6 7. O-O Bd6 8.
d4 h6 9. Re1 O-O 10. Bf4 Bf5 11. Bg3 Qc7 12. Qf3 Bh7 13. Ng4 Ne4 14. Nxe4 Bxe4
15. Bxd6 Qxd6 16. Qg3 Qxg3 17. hxg3 Bf5 18. Ne3 Be6 19. f4 Na6 20. f5 Bd7 21.
g4 Rfe8 22. Kf2 Nc7 23. Rad1 Nb5 24. c4 dxc4 25. Nxc4 Kf8 26. a4 Rxe1 27. Kxe1
Re8+ 28. Kf2 Nc7 29. Nd6 Re7 30. Nxb7 Nd5 31. Bxd5 cxd5 32. Nc5 Bc8 33. b4 h5
34. gxh5 Bxf5 35. Kf3 f6 36. g4 Bc8 37. b5 Ke8 38. a5 Kd8 39. b6 axb6 40. axb6
Bb7 41. Ra1 Bc6 42. Kf4 Re2 43. b7 Rf2+ 44. Kg3 Rb2 45. Ra8+ Ke7 46. b8=Q 1-0

[Event "23rd Int. Tournament "]
[Site "?"]
[Date "2015.09.01"]
[Round "6.15"]
[White "Markantonaki, Haritomeni"]
[Black "Papadopoulos, Asterios"]
[Result "1-0"]
[WhiteElo "2228"]
[BlackElo "1826"]
[PlyCount "59"]
[EventDate "2015.08.27"]

1. e4 c5 2. Nf3 Nc6 3. Bb5 d6 4. O-O Bd7 5. Re1 Nf6 6. c3 a6 7. Bf1 Bg4 8. h3
Bxf3 9. Qxf3 e6 10. d3 Be7 11. Nd2 b5 12. Qg3 Nh5 13. Qg4 g6 14. Nf3 f5 15.
exf5 exf5 16. Qg5 Kd7 17. Qd2 Rg8 18. d4 Kc7 19. a4 Na5 20. Qe2 Bf6 21. axb5
Nb3 22. Rxa6 Rxa6 23. bxa6 Nxc1 24. Rxc1 g5 25. dxc5 dxc5 26. Qb5 Qd5 27. Bc4
Qe4 28. Qxc5+ Kb8 29. Bxg8 g4 30. a7+ 1-0